00445 a2200157 4500003000400000005001700004008004100021020001800062040000900080082001900089100001900108245011700127250001200244260002200256300000900278OSt20231208135947.0231208b |||||||| |||| 00| 0 eng d a9789352828661 coclc a954.035bCHA/S1 aChandra, Bipan aSWATHANTHRYANANTHARA INDIA = India since independence /cBipan Chandra, Mridula Mukherjee, Aditya Mukherjee a2nd ed. bD C Books,c2022. a909p